000 02733nam0a2200481 4500
001 RU\NLR\bibl\1175714
005 20260405150532.0
010 _a978-5-902928-20-1
_bВ пер.
_9501
021 _aRU
_b2007-81220
_94376
035 _a(nilc)RSL-KNO-003356395
035 _a(NLR Aleph) 001162369
090 _a1545634
_c1545634
100 _a20071128d2008 |||y0rusy50 ca
101 0 _arus
_deng
102 _aRU
105 _aa z |||||
200 1 _aПеревозки сжиженных газов в танк-контейнерах
_dTransportation of liquefied gas in tank containers
_fРезер С. М., Резер А. В.
_gРоссийская акад. наук
_zeng
210 _aМосква
_cВИНИТИ
_d2008 [т.е. 2007]
215 _a383 с.
_cил., табл.
_d22
300 _aАвт. также на англ. яз.: Rezer S.M., Rezer A.V.
300 _aКн. фактически изд. в 2007 г.
300 _aРез. на англ. яз.
320 _aБиблиогр.: с. 249-252
510 0 _6z45790
_aTransportation of liquefied gas in tank containers
_zeng
606 1 _aЖидкие газы
_xПеревозки
_91140303
_3RU\NLR\auth\66135311
606 1 _aЖелезнодорожный транспорт
_xЛогистика
_92500865
_3RU\NLR\auth\661483284
610 0 _aТранспорт -- Железнодорожный транспорт -- Железнодорожные перевозки -- Грузовые железнодорожные перевозки -- Перевозки сжатых и сжиженных газов -- Пособие для специалистов
610 0 _aТранспорт -- Перевозки -- Смешанные перевозки -- Смешанные грузовые перевозки -- Перевозки сжатых и сжиженных газов -- Пособие для специалистов
610 0 _aтанк-контейнеры для перевозки сжиженных газов
686 _aО284.88,07
_2rubbk
686 _aО188.488,07
_2rubbk
686 _aУ37(2)2-813.924
686 _aУ37(2)2-59в611
700 1 _4070
_8rus
_7ca
_aРезер
_bС. М.
_f1928-
_gСемен Моисеевич
_3RU\NLR\auth\7751110
_934044
701 1 _4070
_8rus
_7ca
_aРезер
_bА. В.
_gАлексей Владимирович
_3RU\NLR\auth\7761829
_944759
790 1 _4070
_8rus
_7ba
_aRezer
_bS. M.
_f1928-
_gSemen Moiseevič
_3RU\NLR\auth\7751123
_934057
790 1 _4070
_8rus
_7ca
_aRezer
_bA. V.
_gAleksej Vladimirovič
_3RU\NLR\auth\7761830
_944760
801 0 _aRU
_bРКП
_c20071128
_grcr
801 1 _aRU
_bРГБ
_c20071128
801 2 _aRU
_bNLR
_c20080115
_grcr
942 _cBOOK
980 _aNB